000 00730nam a2200229Ia 4500
999 _c55918
_d55918
003 GCL
005 20240530105426.0
008 140319s9999 xx 000 0 ara d
040 _aGCL /
_cGCL
082 0 4 _a956.04
_bس أ
100 1 _aسيغف، توم
245 1 2 _aالاسرائيليون الاوائل 1949 /
_cتوم سيغف
260 _a[بيروت :
_bمؤسسة الدراسات الفلسطينية ،
_c1984
300 _a404 ص. ؛
_c24 سم.
650 0 7 _aالاسرائيليون
_2qrmak
651 0 7 _2qrmak
_aاليهود
700 1 _aرضا سلمان
700 1 _aسمير جبور (مراجع)
700 1 _aمحمد المجزوب ( مقدم )
700 1 _aتوم سيفن
942 _2ddc
_cBK